General Knowledge - Multiple Choice - Statistics

General Stats
  • This quiz has been taken 18 times
  • The average score is 8 of 15
Answer Stats
Question Answer % Correct
What year did the USA gain its independence? 1776
87%
What decade did World War 2 end? 1940s
87%
What is the capital of Jamaica? Kingston
87%
What is the only flag that does not have four sides? Nepal
87%
How many capitals are in South Africa 3
73%
How many megabytes in a gigabyte? 1000
60%
Average male height? 1.7m
60%
How many feet are in a mile? 5280
60%
In the Dull Men's Club, what item of food do they use for measurements? Banana
47%
How many cities in the UK have a population of over 1 million 2
40%
Who is the all time premier league top goal scorer? Alan Shearer
33%
How many countries have a J.D Wetherspoons? 3
20%
How many liters of cows blood makes one liter of cows milk? 400
20%
How many divisions are there in English Football? 480
20%
How many counties are in England? 48
13%
No matching quizzes found
Score Distribution
Percent of People with Each Score
Percentile by Number Answered
Your Score History
You have not taken this quiz